Normal view
MARC view
Entry Topical Term
001 - CONTROL NUMBER
- control field: 26320
003 - CONTROL NUMBER IDENTIFIER
- control field: ARRUPE
005 - DATE AND TIME OF LATEST TRANSACTION
- control field: 20160928094408.0
008 - FIXED-LENGTH DATA ELEMENTS
- fixed length control field: 160928|| aca||aabn | a|a d
040 ## - CATALOGING SOURCE
- Original cataloging agency: ARRUPE
- Transcribing agency: ARRUPE
150 ## - HEADING--TOPICAL TERM
- Topical term or geographic name as entry element: Kenya
- General subdivision: History
- General subdivision: Mau Mau Emergency
- General subdivision: Prisoners and prisons, Britain
670 ## - SOURCE DATA FOUND
- Source citation: Work cat.: (ARRUPE): Elkins, Caroline 26317, Britain's Gulag, 2005